Top 20 Notes FC26 - Statistiques

Statistiques générales
  • Ce quiz a été pris 363 fois
  • Le résultat moyen est 13 sur 20
Statistiques - réponses
Hint Réponse % Correct
2 91 Kylian Mbappe
99%
3 90 Ousmane Dembélé
91%
7 90 Erling Haaland
88%
10 89 Lamine Yamal
85%
18 89 Vinicius Junior
76%
11 89 Vitinha
74%
12 89 Gianluigi Donnarumma
73%
1 91 Mohamed Salah
73%
13 89 Pedri
71%
16 89 Harry Kane
68%
6 90 Jude Bellingham
68%
9 89 Achraf Hakimi
67%
4 90 Rodri
67%
5 90 Virgil van Dijk
62%
20 89 Thibaut Courtois
61%
8 89 Raphinha
58%
15 89 Alisson
42%
19 89 Florian Wirtz
34%
17 89 Federico Valverde
31%
14 89 Joshua Kimmich
31%
Aucun quiz correspondant
Distribution des résultats
% des personnes avec chaque résultat
Percentile par nombre de réponses
Votre historique - résultats
Vous n’avez pas pris ce quiz